Protostar /

Kaydedildi:
Detaylı Bibliyografya
Diğer Yazarlar: Dobner, Tullio, Gerrold, David, Bradfield, Scott, Goldin, Stephen, Tiptree, James Jr, Yep, Larry, Bryant, Edward, Kelley, Leo P., Sargent, Pamela, Bunch, David R., Deeley, Roger, Weissman, Berry, Laurance, Alice, Margroff, Robert E., Offutt, Andrew J., Wyal, P.G
Materyal Türü: Kitap
Dil:İtalyanca
Baskı/Yayın Bilgisi: Milano : Longanesi & C., 1977
Seri Bilgileri:Fantapocket ; 11
Etiketler: Etiketle
Etiket eklenmemiş, İlk siz ekleyin!

MARC

LEADER 00000nam a22000007i 4500
001 IT\ICCU\RAV\0087609
003 ItRI
005 20251016150342.0
008 900127s1977 it |||||| ||||| |||||c
040 |b ita  |c ct 
041 7 |a ita  |2 ISO-639-2 
130 0 |a Protostars. - 
245 0 0 |a Protostar /  |c a cura di David Gerrold ; racconti di Scott Bradfield ... [et al.]. 
260 |a Milano :  |b Longanesi & C.,  |c 1977 
300 |a 234 p. ;  |c 18 cm 
500 |a Traduzione dall'originale inglese di Tullio Dobner 
700 1 |a Dobner, Tullio  |0 IT\ICCU\CFIV\017568 
700 1 |a Gerrold, David  |0 IT\ICCU\CFIV\106739 
700 1 |a Bradfield, Scott  |0 IT\ICCU\RAVV\038719 
700 1 |a Goldin, Stephen 
700 1 |a Tiptree, James Jr. 
700 1 |a Yep, Larry 
700 1 |a Bryant, Edward 
700 1 |a Kelley, Leo P. 
700 1 |a Sargent, Pamela 
700 1 |a Bunch, David R. 
700 1 |a Deeley, Roger 
700 1 |a Weissman, Berry 
700 1 |a Laurance, Alice 
700 1 |a Margroff, Robert E. 
700 1 |a Offutt, Andrew J. 
700 1 |a Wyal, P.G. 
830 0 |a Fantapocket ;  |v 11  |0 IT\ICCU\RAV\0087491 
942 |2 ddc  |c BK 
952 |0 0  |1 0  |2 ddc  |4 0  |7 0  |9 7353  |a MI  |b MI  |d 1988-03-17  |i 927  |l 0  |p CDOM927  |r 2025-07-13 16:28:00  |w 2025-07-13  |x ACQUISTO  |y BK 
981 1 |6 z01  |a i   |b xxxe  
982 1 |6 z01  |a n 
999 |c 6054  |d 6054